00531nam a2200193 i 4500001001100000003000500011005001700016008004100033040002500074082001700099100002900116245002700145264005500172300002300227336002100250337002500271338002300296650001800319C2-0297573PPAK20180728075759.0090519s1995 ii |||| ||||| | tam d aPPAKbengcPPAKerda04a894.81132230 aThamizh Vaanan, eauthor10aNammal mudiyathu ethu? 1aChennai, India : bManimegalaip Parisuram , c1995 a30 pages ; c18 cm 2rdacontentatext 2rdamediaaunmediated 2rdacarrieravolume10aTamil fiction